Statistics for Be More Chill - More Than Survive - Lyric Quiz

Click here to take the quiz!

General Stats

  • This quiz has been taken 101 times
  • The average score is 76 of 86

Answer Stats

Character Lyric Missing Lyric % Correct
My brain is gonna freakin' _______Explode
100%
I'm waiting for my _____ to loadPorno
99%
Should I take a ___ or walk insteadBus
99%
Good morning, time to start the ___Day
99%
'Cos freaking-out is my __OK
98%
When I get nervous my whole face goes ___Red
98%
A junior on the bus is killer ____Weak
98%
And now, of course, it's time to hit the ____Road
98%
I just wanna _______Survive
96%
If i'm not feelin' weird or super _______Strange
96%
To stay _____Alive
96%
To just be fine and cool and _____Chill
96%
Which means I'll be _____________ all dayUncomfortable
96%
I feel my stomach fillin' up with _____Dread
96%
And so, I follow my own _____Rules
95%
For me, ___ Pesci is fineJoe
95%
Just wanna stay in the ____Line
95%
Focus on a ______ there on the wallPoster
95%
I don't want to be a ____Hero
95%
God, I wish I had the _____Skill
95%
The ______'s closer now, what does it say?Poster
94%
Avoiding any ___ contact at allEye
94%
It's a sign up sheet for getting called ___Gay
94%
And I use them my _____Tools
94%
My life would be in ______ disarrayUtter
94%
I don't wanna be _______, no, noSpecial
94%
But that really isn't such a _______Change
94%
JeremyI navigate the dangerous _____Hall
94%
It's a sign up for the afterschool ____Play
94%
I'll never be a ___ De NiroRob
93%
And trying hard to remain ______Unseen
93%
And my boxers will be bunchy and my ____ will leakPits
93%
But if i walk, when i arrive, I'm gonna straight up ____Reek
93%
Dude, weigh the options ______ and be stillCalmly
92%
I hang a ____ and there's ChristineLeft
92%
Accept that your'e one of those ____Guys
92%
That's not what i need right now. End _____Scene
90%
The only thing I'll ever ____Date
90%
They would be totally ____Gone
90%
Is my macbook pro ____-_____Hard-Drive
89%
If my ____ were any smallerNuts
89%
Just want some skills to _____ onCount
89%
Just clear your _____ and move aheadBrain
89%
My mac-daddy game couldn't be more ____Limp
89%
I don't wanna be a ______Baller
88%
If I continue at this ____Rate
88%
JeremyWell, that was smooth, yeah, that was super ____Pimp
88%
Who'll be a ______ 'till he diesVirgin
88%
How's it ______'?Hanging
88%
I just wanna _______Survive
87%
Lunch is _______'Banging
87%
How was _____?Class
86%
MichaelOh, I'm listenin' to ______Marley
86%
Cos the girl at Sev Elev gave me a generous ____!Pour
86%
MichaelJeremy, my _____Buddy
86%
Had my sushi, got my _______ and more!Slushie
86%
And we're almost at the end of the ____Song
86%
What's _____?Wrong
86%
Now tell me ______Friend
85%
Yeah, that was the ___End
85%
You look like ___Ass
85%
And I'm feelin' kinda _____Cocky
85%
No time to ______, no, insteadWallow
83%
Who cares if people think I'm ____Lame
83%
Christine signed, I'll do the ____Same
83%
I grab the ___, I write my namePen
83%
I'm never gonna be the ____ guyCool
82%
I'm more the one who's ____ outLeft
81%
Help me to more than _______Survive
81%
I feel my body movin' throught the ___Air
81%
Take a shaky ______ and I prepareBreath
81%
Why can't someone just ____ me out?Help
80%
I am not the one who the _____'s aboutStory
80%
And the groove is hella ______Gnarly
80%
Of all the __________ at schoolCharacters
77%
And teach me how to ______Thrive
77%
The ____ was negimakiRoll
77%
In how to stay _____Alive
77%
But since the ______ army's yet to descendZombie
77%
See my ________ walking over thereConverse
76%
If this was an __________Apocalypse
76%
I would not need any ____Tips
76%
I'm just trying my best to pass the ____ andTest
76%
_______Survive
76%
I don't want to be _______, no ,noClooney
75%
And the ______ is going to endPeriod
75%

Score Distribution

Percentile by Number Answered

Percent of People with Each Score

Your Score History

You have not taken this quiz